000 01200pab a2200181 454500
008 180718b xxu||||| |||| 00| 0 eng d
100 _aHiland, Iona B.
245 _aTrickle down impacts of federal changes
520 _aThe author explains that in the facde of ruvenue cutbacks by "the feds", county administrators in department sof social services in Maryland are more likely to be able to expand social servioces and enaergency resource provisions it they are from the other affluent counties like Anne Arundel, Baltimore, or Montgimery. Baltimore city with the largest number of poor citizens lacks the revenue capacity to supplement state-mandated programs significantty. Some state discretionery funds, particularly emergency assistance grants and investment in jole opportunities funds, allow county and city of Battimore administrators a deqree of flexibility in seeking to meet cleint needs. However given continuing financial limit
650 _a State
650 _a Municiapl Relations
650 _a Local Government
650 _a Federal - Municipal Relations
650 _aState - Municipal Relations
700 _aPalley, Howard A.
773 _aPublic Manager
909 _a22795
999 _c22795
_d22795